000 00335nam a22001457a 4500
008 230414b ||||| |||| 00| 0 eng d
020 _a9780749463076
041 _aeng
080 _2FIRST EDITION
_a34
082 _a34SLO
100 _a31
101 _aJUREDIK
245 _aA GUIDE TO OPEN INNOVATION
_cSLOANE.P
942 _2udc
_cBK
999 _c59554
_d59554